1906 1053 1406 1477 1447 1628 1891 1843 1106 1157 1278 1597 1030 1832 1125 1752 1554 1848 1126 1436 1133 1472 1978 1513 1609 1993 1475 1940 1870 1367 1356 1026 1924 1871 1200 1623 1372 1358 1409 1434 1542 1906 1015 1521 1616 1881 1007 1884 1782 1981 1061 1315 1697 1783 1545 1124 1643 1102 1876 1544 1513 1464 1331 1451 1101 1094 1035 1596 1083 1839 1594 1715 1994 1896 1441 1360 1864 1474 1171 1307 1358 1435 1812 1125 1409 1524 1928 1240 1055 1791 1575 1451 1976 1632 1851 1419 1342 1602 1886 BCNSPRNW ULIB Ver.6.0+V

เปลี่ยนเป็นภาษาไทย

Change to English
 แสดงรายละเอียดบรรณานุกรม
  กลับหน้าหลัก

Brief Record : Get Marc (ISO 2709) : E-mail record : QR code < ปิดหน้าต่าง
LEADER : 00000nam 2200000uu 4500
001    13399120643
003     ULIB
008    121002s2549||||th 000 0 tha d
020    ^a9789745718869
050  0 ^aBF698^bน179ท
100 0  ^aนพมาศ อุ้งพระ (ธีรเวคิน)
245 10 ^aทฤษฎีบุคลิกภาพและการปรับตัว /^cนพมาศ อุ้งพระ (ธีรเวคิน)
250    ^aพิมพ์ครั้งที่ 3
260    ^a[กรุงเทพฯ] :^bสำนักพิมพ์มหาวิทยาลัยธรรมศาสตร์,^c2549
300    ^a418 หน้า ;^c26ซม.
650  7 ^aบุคลิกภาพ
650  7 ^aการปรับตัว (จิตวิทยา)
945    ^p330^l0^i14967
995    ^aวิภา
999 ^a ใช้งานได้ทุกระบบ
รายการนี้ยังไม่มีแท็ก
คุณยังไม่ได้ล็อกอิน คุณสามารถมีกิจกรรมร่วมกับเว็บไซต์ได้ แต่ต้องล็อกอินก่อน ::
  ล็อกอิน

รายการสื่อสารสนเทศ

ลำดับที่ ประเภท เลขเรียก/บาร์โค้ด สถานที่ สถานะ
1. วิทยาศาสตร์การแพทย์ และสุขภาพ
วิทยาศาสตร์การแพทย์ และสุขภาพ
BF698 น179ท  
  Barcode: 14967
ห้องสมุดวิทยาเขตสวรรค์ประชารักษ์
►หนังสือทั่วไป
บนชั้น

รายการใกล้เคียง
    ผู้แต่ง [นพมาศ อุ้งพระ (ธีรเวคิน)]

    หัวเรื่อง [บุคลิกภาพ]
    หัวเรื่อง [การปรับตัว (จิตวิทยา)]

BibComment


ยังไม่เคยถูกคอมเมนท์

คอมเมนท์ทรัพยากรรายการนี้
  คอมเมนท์: ทฤษฎีบุคลิกภาพแล..


 Copyright 2026. Bcnsprnw @Library